000 00989cam a2200301 a 4500
999 _c3779
_d3779
001 16850274
003 GZU
005 20210309115711.0
008 110630s2013 caua b 001 0 eng
010 _a 2011933358
020 _a9781111834876
020 _a1111833869 (student edition)
020 _a9781111837907 (instructor edition)
040 _aDLC
_cDLC
042 _apcc
050 0 0 _aHM586
100 1 _aBrym, Robert J.,
_d1951-
245 1 0 _aSociology :
_bpop culture to social structure /
_cRobert J. Brym, John Lie.
250 _a3rd ed.
260 _aAustralia ;
_aBelmont, CA :
_bWadsworth Cengage Learning,
_cc2013.
300 _aviii, 422 p. :
_bill. ;
500 _aIncludes bibliographical references (p. 398-412) and indexes.
504 _aIncludes bibliographical references (p. 398-412) and indexes.
650 0 _aSociology.
700 1 _aLie, John.
_eauthor
906 _a7
_bcbc
_corignew
_d3
_eepcn
_f20
_gy-gencatlg
942 _2lcc
_cBK
_e3rd ed.
_h586
_iBRY
_kHM